<?xml version="1.0" encoding="UTF-8"?>
<marc:record xmlns:marc="http://www.loc.gov/MARC21/slim">
   <marc:leader>00000nam a2200000 a 4500</marc:leader>
   <marc:datafield ind1="1" ind2=" " tag="100">
      <marc:subfield code="a">Starrett, Kelly</marc:subfield>
      <marc:subfield code="4">aut</marc:subfield>
      <marc:subfield code="e">Verfasser/-in</marc:subfield>
   </marc:datafield>
   <marc:datafield ind1="1" ind2=" " tag="100">
      <marc:subfield code="a">Cordoza, Glen</marc:subfield>
      <marc:subfield code="4">aut</marc:subfield>
      <marc:subfield code="e">Verfasser/-in</marc:subfield>
   </marc:datafield>
   <marc:datafield ind1="0" ind2="0" tag="245">
      <marc:subfield code="a">Werde ein geschmeidiger Leopard</marc:subfield>
   </marc:datafield>
   <marc:datafield ind1="0" ind2="0" tag="245">
      <marc:subfield code="b">die sportliche Leistung verbessern, Verletzungen vermeiden und Schmerzen lindern</marc:subfield>
   </marc:datafield>
   <marc:datafield ind1="0" ind2="0" tag="245">
      <marc:subfield code="c">Kelly Starrett mit Glen Cordoza ; Übersetzung: Markus Hederer, Martina Walter</marc:subfield>
   </marc:datafield>
   <marc:datafield ind1=" " ind2="1" tag="264">
      <marc:subfield code="a">München</marc:subfield>
      <marc:subfield code="b">riva</marc:subfield>
      <marc:subfield code="c">2016</marc:subfield>
   </marc:datafield>
   <marc:datafield ind1=" " ind2=" " tag="250">
      <marc:subfield code="a">Aktualisierte und erweiterte Ausgabe des New York Times-Bestsellers</marc:subfield>
   </marc:datafield>
   <marc:datafield ind1="1" ind2=" " tag="520">
      <marc:subfield code="a">Angaben aus der Verlagsmeldung

Werde ein geschmeidiger Leopard – aktualisierte und erweiterte Ausgabe : Die sportliche Leistung verbessern, Verletzungen vermeiden und Schmerzen lindern / von Kelly Starrett, Glen Cordoza

Menschen wollen Leistung erbringen, aber fehlerhafte Bewegungsmuster können den Körper blockieren. Oft bleiben diese leistungslimitierenden Faktoren sogar erfahrenen Trainern verborgen. Werde ein geschmeidiger Leopard macht das Unsichtbare sichtbar. Kelly Starrett zeigt in diesem Buch seine revolutionäre Herangehensweise an Beweglichkeit und Erhalt der Leistungsfähigkeit und liefert den Masterplan für effektive und sichere Bewegungsabläufe in Sport und Alltag. Hunderte Schritt-für-Schritt-Fotos veranschaulichen nicht nur, wie Trainingsübungen wie Kniebeuge, Kreuzheben, Liegestütz, Kettlebell Swing oder Snatch, Clean und Jerk richtig ausgeführt werden, sondern auch wie die häufigsten Fehler vermieden oder korrigiert werden können. Kelly Starrett gliedert den menschlichen Körper in 14 Zonen und zeigt Mobilisationstechniken, mit denen man seine Beweglichkeit zurückgewinnen kann. Die überarbeitete und um 80 Seiten erweiterte Ausgabe des Bestsellers bietet Dutzende Strategien, mit denen gezielt auf einzelne Einschränkungen, eine Verletzung oder einen hartnäckigen Bewegungsfehler eingegangen werden kann. Mit einem 14-Tage-Programm lässt sich der ganze Körper in nur zwei Wochen neu mobilisieren.
</marc:subfield>
   </marc:datafield>
   <marc:datafield ind1=" " ind2=" " tag="020">
      <marc:subfield code="a">9783868837704</marc:subfield>
      <marc:subfield code="9">9783868837704</marc:subfield>
   </marc:datafield>
   <marc:datafield ind1=" " ind2=" " tag="020">
      <marc:subfield code="a">3868837701</marc:subfield>
      <marc:subfield code="9">3868837701</marc:subfield>
   </marc:datafield>
   <marc:datafield ind1=" " ind2=" " tag="041">
      <marc:subfield code="a">ger</marc:subfield>
   </marc:datafield>
   <marc:datafield ind1=" " ind2=" " tag="300">
      <marc:subfield code="a">479 Seiten</marc:subfield>
   </marc:datafield>
</marc:record>
